Investičný výnos a aktíva životnej poisťovne

Uložené v:
Podrobná bibliografia
Hlavný autor: Sakálová, Katarína, 1955-
Médium: Kapitola
Jazyk:Slovak
Tagy: Pridať tag
Žiadne tagy, Buďte prvý, kto otaguje tento záznam!

MARC

LEADER 00000naa$a2200000$$$4500
001 0094708
005 20240502072043.9
041 0 |a slo 
044 |a SK 
245 1 0 |a Investičný výnos a aktíva životnej poisťovne  |c Katarína Sakálová 
100 1 |a Sakálová, Katarína, 1955-